000 00637nam a22002297a 4500
003 dpl
005 20180602155723.0
008 180602b xxu||||| |||| 00| 0 eng d
010 _aB-161077
020 _a9780415284370
_c0.00
035 _aB-161077
037 _bBPPD/PUB
040 _c0
082 _a371.334
100 _aBates, A. W. Tony
245 _aTechnology, e-learning and distance education
_cA. W. Tony Bates
250 _a2nd ed.
260 _aNew York
_bRoutledge
_c1995
300 _ax, 246p.
_c22cm. (Pbk)
500 _aIncludes index.
942 _adpl
_cEN
_k371.334 / BAT
_2ddc
_h371.334
_mBAT
999 _c152514
_d152514